Negotiation
| Main Author: | |
|---|---|
| Format: | Book |
| Published: |
london :
Cavendish Publ. ,
1993
|
| Series: | Essential legal skills
|
| Subjects: |
MARC
| LEADER | 00000cam a2200000 7i4500 | ||
|---|---|---|---|
| 001 | 0000009221 | ||
| 005 | 20170104.0 | ||
| 020 | |a 1874241414 | ||
| 040 | |a INS | ||
| 090 | 0 | 0 | |a HD58.8 |b T75 1993 |
| 100 | 1 | |a Tribe, Diana | |
| 245 | 1 | 0 | |a Negotiation |c Diana Tribe |
| 260 | |a london : |b Cavendish Publ. , |c 1993 | ||
| 300 | |a 127p ; |c 27cm. | ||
| 440 | 0 | |a Essential legal skills | |
| 500 | |a Includes index | ||
| 650 | 0 | 0 | |a Negotiation |z Great Britain |
| 999 | |a 0000023456 |b BOOK |c Open Shelf |e Default branch | ||